ARRUPE JESUIT UNIVERSITY

CORONAVIRUS -STOP THE SPREAD - CLEAN,DISINFECT,COVER

The Chitepo assassination / (Record no. 126195)

MARC details
000 -LEADER
fixed length control field 00921nam a2200277 a 4500
001 - CONTROL NUMBER
control field 3822487
003 - CONTROL NUMBER IDENTIFIER
control field ARRUPE
005 - DATE AND TIME OF LATEST TRANSACTION
control field 20170427154810.0
008 - FIXED-LENGTH DATA ELEMENTS--GENERAL INFORMATION
fixed length control field 860516s1985 rh a b 000 0beng
010 ## - LIBRARY OF CONGRESS CONTROL NUMBER
LC control number 85981170
020 ## - INTERNATIONAL STANDARD BOOK NUMBER
International Standard Book Number 0949225045
040 ## - CATALOGING SOURCE
Original cataloging agency DLC
Transcribing agency DLC
Modifying agency DLC
043 ## - GEOGRAPHIC AREA CODE
Geographic area code f-rh---
050 00 - LIBRARY OF CONGRESS CALL NUMBER
Classification number DT962.76.C44
Item number M37 1985
082 00 - DEWEY DECIMAL CLASSIFICATION NUMBER
Classification number 968.91/04/0924
Edition number 19
300 ## - PHYSICAL DESCRIPTION
Other physical details ill. ;
Dimensions 21 cm.
100 1# - MAIN ENTRY--PERSONAL NAME
Personal name Martin, David,
Dates associated with a name 1936-
9 (RLIN) 23093
245 14 - TITLE STATEMENT
Title The Chitepo assassination /
Statement of responsibility, etc David Martin & Phyllis Johnson.
260 ## - PUBLICATION, DISTRIBUTION, ETC. (IMPRINT)
Place of publication, distribution, etc Harare, Zimbabwe :
Name of publisher, distributor, etc Zimbabwe Pub. House,
Date of publication, distribution, etc 1985.
300 ## - PHYSICAL DESCRIPTION
Extent 134 p. :
504 ## - BIBLIOGRAPHY, ETC. NOTE
Bibliography, etc Bibliography: p. 129-133.
600 10 - SUBJECT ADDED ENTRY--PERSONAL NAME
Personal name Chitepo, H. W.
General subdivision Assassination.
9 (RLIN) 28985
610 20 - SUBJECT ADDED ENTRY--CORPORATE NAME
Corporate name or jurisdiction name as entry element Zimbabwe African National Union.
9 (RLIN) 13332
700 1# - ADDED ENTRY--PERSONAL NAME
Personal name Johnson, Phyllis.
9 (RLIN) 23619
906 ## - LOCAL DATA ELEMENT F, LDF (RLIN)
a 7
b cbc
c orignew
d 3
e ncip
f 19
g y-gencatlg
942 ## - ADDED ENTRY ELEMENTS (KOHA)
Source of classification or shelving scheme Library of Congress Classification
Koha item type Monograph ( Printed materials)
Holdings
Withdrawn status Lost status Source of classification or shelving scheme Damaged status Not for loan Collection code Home library Current library Shelving location Date acquired Total Checkouts Full call number Barcode Date last seen Copy number Price effective from Koha item type Date checked out
    Library of Congress Classification     SPECIAL Collection ARRUPE LIBRARY ARRUPE LIBRARY REFERENCE 23/02/2017   SPC DT962.76.C44 M37 1985 46500025716 23/02/2017 1 23/02/2017 SPC  
    Library of Congress Classification       ARRUPE LIBRARY ARRUPE LIBRARY   09/03/2017 1 DT962.76.C44 M37 1985 46406848 16/04/2018 2 09/03/2017 Monograph ( Printed materials) 15/01/2018

 

Arrupe Library. PO Box MP320 Mt Pleasant, Harare, Zimbabwe
263 242 745411|librarian@aju.ac.zw